| 000 | 00579nam a22001457a 4500 | ||
|---|---|---|---|
| 003 | OSt | ||
| 005 | 20150922141611.0 | ||
| 008 | 150922b xxu||||| |||| 00| 0 eng d | ||
| 040 | _cRUA | ||
| 082 | _aAGR SON 2007 B035 Or.1 | ||
| 100 |
_91112 _aSONG MAKARA |
||
| 245 | _aProductive situation of pursat orange in banan distrct,battambang province,(ស្ថានភាពផលិតកម្មក្រូចពោធិសាត់នៅក្នុងស្រុកបាណន់ ខេត្តបាត់ដំបង) | ||
| 300 |
_axi,52p. _cill. _g29cm. |
||
| 942 |
_2ddc _cAGR |
||
| 999 |
_c1064 _d1064 |
||